Programa de conducción de niños maltratados: orientación para padres intolerantes.
Tallennettuna:
| Päätekijä: | |
|---|---|
| Muut tekijät: | , , |
| Aineistotyyppi: | Kirja |
| Kieli: | espanja |
| Julkaistu: |
Ciudad de México, México
Trillas
1991
|
| Aiheet: | |
| Tagit: |
Lisää tagi
Ei tageja, Lisää ensimmäinen tagi!
|
MARC
| LEADER | 00000nam a2200000 a 4500 | ||
|---|---|---|---|
| 001 | UCX7774 | ||
| 003 | CL-VaPUC | ||
| 005 | 20220421074148.0 | ||
| 008 | 931229e19910000MX |||||||||||||||||spa|d | ||
| 999 | |c 227495 |d 227493 | ||
| 040 | |c Pontificia Universidad Católica de Valparaíso | ||
| 082 | 0 | 4 | |a 362.71 WOL 1991 |2 21 |
| 100 | 0 | |a Wolfe, David |9 324685 | |
| 245 | 1 | 0 | |a Programa de conducción de niños maltratados: orientación para padres intolerantes. |
| 260 | 0 | 3 | |a Ciudad de México, México |b Trillas |c 1991 |
| 300 | |a 213 páginas | ||
| 583 | |a last modification |c 20121001 01:19:16 |k Rodrigo Vera | ||
| 650 | 0 | |a Abuso de poder |9 324689 | |
| 650 | 0 | |a Maltrato infantil |9 324690 | |
| 650 | 0 | |a Trabajo social |9 307856 | |
| 700 | 0 | |a Kaufman, Keith |9 324686 | |
| 700 | 0 | |a Aragona, John |9 324687 | |
| 700 | 0 | |a Sandler, Jack |9 324688 | |
| 942 | |c BK |2 ddc | ||
| 945 | |d 19931229 00:00:00 |a rbrito | ||
| 952 | |0 0 |1 0 |2 ddc |4 0 |6 362_710000000000000_WOL_1991 |7 0 |8 A |9 226570 |a BIBEDU |b BIBEDU |d 2019-11-15 |i 356942K |o 362.71 WOL 1991 |p 356942K |r 2019-11-15 |t 1 |w 2019-11-15 |y BK |k PSI | ||